01676nam a2200313Ia 4500001001200000003000800012006001900020007001500039008004100054020001500095040002100110035002000131050002500151110011300176245024300289246006400532260005600596300003000652504005200682533015200734610002700886650008000913650005800993650006701051651007201118655002901190710001701219856012601236ebr10068513CaPaEBRm u cr cn|||||||||020911s2002 dcuab sb f000 0 eng d z0309083249 aCaPaEBRcCaPaEBR a(OCoLC)8437572914aSH173.5b.S35 2002eb2 aNational Research Council (U.S.).bCommittee on Endangered and Threatened Fishes in the Klamath River Basin.10aScientific evaluation of biological opinions on endangered and threatened fishes in the Klamath River basinh[electronic resource] :binterim report /cCommittee on Endangered and Threatened Fishes in the Klamath River Basin ... [et al.].30aEndangered and threatened fishes in the Klamath River basin aWashington, D.C. :bNational Academy Press,cc2002. axxii, 33 p. :bill., map. aIncludes bibliographical references (p. 28-31). aElectronic reproduction.bPalo Alto, Calif. :cebrary,d2009.nAvailable via World Wide Web.nAccess may be limited to ebrary affiliated libraries.20aKlamath Project (U.S.) 0aFishesxEffect of water levels onzKlamath River Watershed (Or. and Calif.) 0aRare fisheszKlamath River Watershed (Or. and Calif.) 0aFishesxConservationzKlamath River Watershed (Or. and Calif.) 0aKlamath River Watershed (Or. and Calif.)xEnvironmental conditions. 7aElectronic books.2local2 aebrary, Inc.40uhttp://site.ebrary.com/lib/rucke/Doc?id=10068513zAn electronic book accessible through the World Wide Web; click to view